| 000 | 00587nam a2200181Ia 4500 | ||
|---|---|---|---|
| 008 | 100917s9999 xx 000 0 und d | ||
| 082 | _b57806 | ||
| 100 | _aबाबर सरोजिनी | ||
| 245 | _aभूक लाडू तहान लाडू | ||
| 260 |
_bसमाज शिक्षण माला _c1981 |
||
| 300 | _a40 | ||
| 365 | _b1.5 | ||
| 520 | _aबालविभाग | ||
| 630 | _aभूक लाडू तहान लाडू | ||
| 650 | _aबालविभाग | ||
| 730 | _aभूक लाडू तहान लाडू | ||
| 942 | _cBOOK | ||
| 999 |
_c663200 _d663197 |
||